<?xml version="1.0" encoding="UTF-8"?>
<record
    xmlns:xsi="http://www.w3.org/2001/XMLSchema-instance"
    xsi:schemaLocation="http://www.loc.gov/MARC21/slim http://www.loc.gov/standards/marcxml/schema/MARC21slim.xsd"
    xmlns="http://www.loc.gov/MARC21/slim">

  <leader>00302    a2200133   4500</leader>
  <controlfield tag="001">9684</controlfield>
  <datafield tag="082" ind1=" " ind2=" ">
    <subfield code="a">004.165 MAC</subfield>
  </datafield>
  <datafield tag="090" ind1=" " ind2=" ">
    <subfield code="c">7716</subfield>
    <subfield code="d">7716</subfield>
  </datafield>
  <datafield tag="100" ind1=" " ind2=" ">
    <subfield code="a">Mackenzie Scott</subfield>
  </datafield>
  <datafield tag="245" ind1=" " ind2=" ">
    <subfield code="a">8051 Microcontroller</subfield>
  </datafield>
  <datafield tag="260" ind1=" " ind2=" ">
    <subfield code="a">USA</subfield>
    <subfield code="b">Macmillan</subfield>
    <subfield code="c">1992</subfield>
  </datafield>
  <datafield tag="300" ind1=" " ind2=" ">
    <subfield code="a">357 p.</subfield>
  </datafield>
  <datafield tag="500" ind1=" " ind2=" ">
    <subfield code="a">BE textbook Avionics</subfield>
  </datafield>
  <datafield tag="942" ind1=" " ind2=" ">
    <subfield code="a">NUST-CAE</subfield>
    <subfield code="k">004.165 MAC</subfield>
  </datafield>
  <datafield tag="999" ind1=" " ind2=" ">
    <subfield code="c">244757</subfield>
    <subfield code="d">244757</subfield>
  </datafield>
  <datafield tag="952" ind1=" " ind2=" ">
    <subfield code="0">0</subfield>
    <subfield code="1">0</subfield>
    <subfield code="4">0</subfield>
    <subfield code="7">0</subfield>
    <subfield code="8">NFIC</subfield>
    <subfield code="a">CAE</subfield>
    <subfield code="b">CAE</subfield>
    <subfield code="d">2017-04-03</subfield>
    <subfield code="l">0</subfield>
    <subfield code="o">004.165 MAC</subfield>
    <subfield code="p">CAE67645</subfield>
    <subfield code="r">2017-04-05</subfield>
    <subfield code="w">2017-04-05</subfield>
    <subfield code="y">BK</subfield>
  </datafield>
  <datafield tag="952" ind1=" " ind2=" ">
    <subfield code="0">0</subfield>
    <subfield code="1">0</subfield>
    <subfield code="4">0</subfield>
    <subfield code="7">0</subfield>
    <subfield code="8">NFIC</subfield>
    <subfield code="a">CAE</subfield>
    <subfield code="b">CAE</subfield>
    <subfield code="d">2017-04-03</subfield>
    <subfield code="l">0</subfield>
    <subfield code="o">004.165 MAC</subfield>
    <subfield code="p">CAE74783</subfield>
    <subfield code="r">2017-04-05</subfield>
    <subfield code="w">2017-04-05</subfield>
    <subfield code="y">BK</subfield>
  </datafield>
  <datafield tag="952" ind1=" " ind2=" ">
    <subfield code="0">0</subfield>
    <subfield code="1">0</subfield>
    <subfield code="4">0</subfield>
    <subfield code="7">0</subfield>
    <subfield code="8">NFIC</subfield>
    <subfield code="a">CAE</subfield>
    <subfield code="b">CAE</subfield>
    <subfield code="d">2017-04-03</subfield>
    <subfield code="l">0</subfield>
    <subfield code="o">004.165 MAC</subfield>
    <subfield code="p">CAE74771</subfield>
    <subfield code="r">2017-04-05</subfield>
    <subfield code="w">2017-04-05</subfield>
    <subfield code="y">BK</subfield>
  </datafield>
  <datafield tag="952" ind1=" " ind2=" ">
    <subfield code="0">0</subfield>
    <subfield code="1">0</subfield>
    <subfield code="4">0</subfield>
    <subfield code="7">0</subfield>
    <subfield code="8">NFIC</subfield>
    <subfield code="a">CAE</subfield>
    <subfield code="b">CAE</subfield>
    <subfield code="d">2017-04-03</subfield>
    <subfield code="l">0</subfield>
    <subfield code="o">004.165 MAC</subfield>
    <subfield code="p">CAE73509</subfield>
    <subfield code="r">2017-04-05</subfield>
    <subfield code="w">2017-04-05</subfield>
    <subfield code="y">BK</subfield>
  </datafield>
  <datafield tag="952" ind1=" " ind2=" ">
    <subfield code="0">0</subfield>
    <subfield code="1">0</subfield>
    <subfield code="4">0</subfield>
    <subfield code="7">0</subfield>
    <subfield code="8">NFIC</subfield>
    <subfield code="a">CAE</subfield>
    <subfield code="b">CAE</subfield>
    <subfield code="d">2017-04-03</subfield>
    <subfield code="l">0</subfield>
    <subfield code="o">004.165 MAC</subfield>
    <subfield code="p">CAE71278</subfield>
    <subfield code="r">2017-04-05</subfield>
    <subfield code="w">2017-04-05</subfield>
    <subfield code="y">BK</subfield>
  </datafield>
  <datafield tag="952" ind1=" " ind2=" ">
    <subfield code="0">0</subfield>
    <subfield code="1">0</subfield>
    <subfield code="4">0</subfield>
    <subfield code="7">0</subfield>
    <subfield code="8">NFIC</subfield>
    <subfield code="a">CAE</subfield>
    <subfield code="b">CAE</subfield>
    <subfield code="d">2017-04-03</subfield>
    <subfield code="l">0</subfield>
    <subfield code="o">004.165 MAC</subfield>
    <subfield code="p">CAE71064</subfield>
    <subfield code="r">2017-04-05</subfield>
    <subfield code="w">2017-04-05</subfield>
    <subfield code="y">BK</subfield>
  </datafield>
  <datafield tag="952" ind1=" " ind2=" ">
    <subfield code="0">0</subfield>
    <subfield code="1">0</subfield>
    <subfield code="4">0</subfield>
    <subfield code="7">0</subfield>
    <subfield code="8">NFIC</subfield>
    <subfield code="a">CAE</subfield>
    <subfield code="b">CAE</subfield>
    <subfield code="d">2017-04-03</subfield>
    <subfield code="l">0</subfield>
    <subfield code="o">004.165 MAC</subfield>
    <subfield code="p">CAE71063</subfield>
    <subfield code="r">2017-04-05</subfield>
    <subfield code="w">2017-04-05</subfield>
    <subfield code="y">BK</subfield>
  </datafield>
  <datafield tag="952" ind1=" " ind2=" ">
    <subfield code="0">0</subfield>
    <subfield code="1">0</subfield>
    <subfield code="4">0</subfield>
    <subfield code="7">0</subfield>
    <subfield code="8">NFIC</subfield>
    <subfield code="a">CAE</subfield>
    <subfield code="b">CAE</subfield>
    <subfield code="d">2017-04-03</subfield>
    <subfield code="l">0</subfield>
    <subfield code="o">004.165 MAC</subfield>
    <subfield code="p">CAE71062</subfield>
    <subfield code="r">2017-04-05</subfield>
    <subfield code="w">2017-04-05</subfield>
    <subfield code="y">BK</subfield>
  </datafield>
  <datafield tag="952" ind1=" " ind2=" ">
    <subfield code="0">0</subfield>
    <subfield code="1">0</subfield>
    <subfield code="4">0</subfield>
    <subfield code="7">0</subfield>
    <subfield code="8">NFIC</subfield>
    <subfield code="a">CAE</subfield>
    <subfield code="b">CAE</subfield>
    <subfield code="d">2017-04-03</subfield>
    <subfield code="l">0</subfield>
    <subfield code="o">004.165 MAC</subfield>
    <subfield code="p">CAE71061</subfield>
    <subfield code="r">2017-04-05</subfield>
    <subfield code="w">2017-04-05</subfield>
    <subfield code="y">BK</subfield>
  </datafield>
  <datafield tag="952" ind1=" " ind2=" ">
    <subfield code="0">0</subfield>
    <subfield code="1">0</subfield>
    <subfield code="4">0</subfield>
    <subfield code="7">0</subfield>
    <subfield code="8">NFIC</subfield>
    <subfield code="a">CAE</subfield>
    <subfield code="b">CAE</subfield>
    <subfield code="d">2017-04-03</subfield>
    <subfield code="l">0</subfield>
    <subfield code="o">004.165 MAC</subfield>
    <subfield code="p">CAE71060</subfield>
    <subfield code="r">2017-04-05</subfield>
    <subfield code="w">2017-04-05</subfield>
    <subfield code="y">BK</subfield>
  </datafield>
  <datafield tag="952" ind1=" " ind2=" ">
    <subfield code="0">0</subfield>
    <subfield code="1">0</subfield>
    <subfield code="4">0</subfield>
    <subfield code="7">0</subfield>
    <subfield code="8">NFIC</subfield>
    <subfield code="a">CAE</subfield>
    <subfield code="b">CAE</subfield>
    <subfield code="d">2017-04-03</subfield>
    <subfield code="l">0</subfield>
    <subfield code="o">004.165 MAC</subfield>
    <subfield code="p">CAE71059</subfield>
    <subfield code="r">2017-04-05</subfield>
    <subfield code="w">2017-04-05</subfield>
    <subfield code="y">BK</subfield>
  </datafield>
  <datafield tag="952" ind1=" " ind2=" ">
    <subfield code="0">0</subfield>
    <subfield code="1">0</subfield>
    <subfield code="4">0</subfield>
    <subfield code="7">0</subfield>
    <subfield code="8">NFIC</subfield>
    <subfield code="a">CAE</subfield>
    <subfield code="b">CAE</subfield>
    <subfield code="d">2017-04-03</subfield>
    <subfield code="l">0</subfield>
    <subfield code="o">004.165 MAC</subfield>
    <subfield code="p">CAE67674</subfield>
    <subfield code="r">2017-04-05</subfield>
    <subfield code="w">2017-04-05</subfield>
    <subfield code="y">BK</subfield>
  </datafield>
  <datafield tag="952" ind1=" " ind2=" ">
    <subfield code="0">0</subfield>
    <subfield code="1">0</subfield>
    <subfield code="4">0</subfield>
    <subfield code="7">0</subfield>
    <subfield code="8">NFIC</subfield>
    <subfield code="a">CAE</subfield>
    <subfield code="b">CAE</subfield>
    <subfield code="d">2017-04-03</subfield>
    <subfield code="l">0</subfield>
    <subfield code="o">004.165 MAC</subfield>
    <subfield code="p">CAE67673</subfield>
    <subfield code="r">2017-04-05</subfield>
    <subfield code="w">2017-04-05</subfield>
    <subfield code="y">BK</subfield>
  </datafield>
  <datafield tag="952" ind1=" " ind2=" ">
    <subfield code="0">0</subfield>
    <subfield code="1">0</subfield>
    <subfield code="4">0</subfield>
    <subfield code="7">0</subfield>
    <subfield code="8">NFIC</subfield>
    <subfield code="a">CAE</subfield>
    <subfield code="b">CAE</subfield>
    <subfield code="d">2017-04-03</subfield>
    <subfield code="l">0</subfield>
    <subfield code="o">004.165 MAC</subfield>
    <subfield code="p">CAE67672</subfield>
    <subfield code="r">2017-04-05</subfield>
    <subfield code="w">2017-04-05</subfield>
    <subfield code="y">BK</subfield>
  </datafield>
  <datafield tag="952" ind1=" " ind2=" ">
    <subfield code="0">0</subfield>
    <subfield code="1">0</subfield>
    <subfield code="4">0</subfield>
    <subfield code="7">0</subfield>
    <subfield code="8">NFIC</subfield>
    <subfield code="a">CAE</subfield>
    <subfield code="b">CAE</subfield>
    <subfield code="d">2017-04-03</subfield>
    <subfield code="l">0</subfield>
    <subfield code="o">004.165 MAC</subfield>
    <subfield code="p">CAE67671</subfield>
    <subfield code="r">2017-04-05</subfield>
    <subfield code="w">2017-04-05</subfield>
    <subfield code="y">BK</subfield>
  </datafield>
  <datafield tag="952" ind1=" " ind2=" ">
    <subfield code="0">0</subfield>
    <subfield code="1">0</subfield>
    <subfield code="4">0</subfield>
    <subfield code="7">0</subfield>
    <subfield code="8">NFIC</subfield>
    <subfield code="a">CAE</subfield>
    <subfield code="b">CAE</subfield>
    <subfield code="d">2017-04-03</subfield>
    <subfield code="l">0</subfield>
    <subfield code="o">004.165 MAC</subfield>
    <subfield code="p">CAE67670</subfield>
    <subfield code="r">2017-04-05</subfield>
    <subfield code="w">2017-04-05</subfield>
    <subfield code="y">BK</subfield>
  </datafield>
  <datafield tag="952" ind1=" " ind2=" ">
    <subfield code="0">0</subfield>
    <subfield code="1">0</subfield>
    <subfield code="4">0</subfield>
    <subfield code="7">0</subfield>
    <subfield code="8">NFIC</subfield>
    <subfield code="a">CAE</subfield>
    <subfield code="b">CAE</subfield>
    <subfield code="d">2017-04-03</subfield>
    <subfield code="l">0</subfield>
    <subfield code="o">004.165 MAC</subfield>
    <subfield code="p">CAE67669</subfield>
    <subfield code="r">2017-04-05</subfield>
    <subfield code="w">2017-04-05</subfield>
    <subfield code="y">BK</subfield>
  </datafield>
  <datafield tag="952" ind1=" " ind2=" ">
    <subfield code="0">0</subfield>
    <subfield code="1">0</subfield>
    <subfield code="4">0</subfield>
    <subfield code="7">0</subfield>
    <subfield code="8">NFIC</subfield>
    <subfield code="a">CAE</subfield>
    <subfield code="b">CAE</subfield>
    <subfield code="d">2017-04-03</subfield>
    <subfield code="l">0</subfield>
    <subfield code="o">004.165 MAC</subfield>
    <subfield code="p">CAE67668</subfield>
    <subfield code="r">2017-04-05</subfield>
    <subfield code="w">2017-04-05</subfield>
    <subfield code="y">BK</subfield>
  </datafield>
  <datafield tag="952" ind1=" " ind2=" ">
    <subfield code="0">0</subfield>
    <subfield code="1">0</subfield>
    <subfield code="4">0</subfield>
    <subfield code="7">0</subfield>
    <subfield code="8">NFIC</subfield>
    <subfield code="a">CAE</subfield>
    <subfield code="b">CAE</subfield>
    <subfield code="d">2017-04-03</subfield>
    <subfield code="l">0</subfield>
    <subfield code="o">004.165 MAC</subfield>
    <subfield code="p">CAE67667</subfield>
    <subfield code="r">2017-04-05</subfield>
    <subfield code="w">2017-04-05</subfield>
    <subfield code="y">BK</subfield>
  </datafield>
  <datafield tag="952" ind1=" " ind2=" ">
    <subfield code="0">0</subfield>
    <subfield code="1">0</subfield>
    <subfield code="4">0</subfield>
    <subfield code="7">0</subfield>
    <subfield code="8">NFIC</subfield>
    <subfield code="a">CAE</subfield>
    <subfield code="b">CAE</subfield>
    <subfield code="d">2017-04-03</subfield>
    <subfield code="l">0</subfield>
    <subfield code="o">004.165 MAC</subfield>
    <subfield code="p">CAE67666</subfield>
    <subfield code="r">2017-04-05</subfield>
    <subfield code="w">2017-04-05</subfield>
    <subfield code="y">BK</subfield>
  </datafield>
  <datafield tag="952" ind1=" " ind2=" ">
    <subfield code="0">0</subfield>
    <subfield code="1">0</subfield>
    <subfield code="4">0</subfield>
    <subfield code="7">0</subfield>
    <subfield code="8">NFIC</subfield>
    <subfield code="a">CAE</subfield>
    <subfield code="b">CAE</subfield>
    <subfield code="d">2017-04-03</subfield>
    <subfield code="l">0</subfield>
    <subfield code="o">004.165 MAC</subfield>
    <subfield code="p">CAE67665</subfield>
    <subfield code="r">2017-04-05</subfield>
    <subfield code="w">2017-04-05</subfield>
    <subfield code="y">BK</subfield>
  </datafield>
  <datafield tag="952" ind1=" " ind2=" ">
    <subfield code="0">0</subfield>
    <subfield code="1">0</subfield>
    <subfield code="4">0</subfield>
    <subfield code="7">0</subfield>
    <subfield code="8">NFIC</subfield>
    <subfield code="a">CAE</subfield>
    <subfield code="b">CAE</subfield>
    <subfield code="d">2017-04-03</subfield>
    <subfield code="l">0</subfield>
    <subfield code="o">004.165 MAC</subfield>
    <subfield code="p">CAE67664</subfield>
    <subfield code="r">2017-04-05</subfield>
    <subfield code="w">2017-04-05</subfield>
    <subfield code="y">BK</subfield>
  </datafield>
  <datafield tag="952" ind1=" " ind2=" ">
    <subfield code="0">0</subfield>
    <subfield code="1">0</subfield>
    <subfield code="4">0</subfield>
    <subfield code="7">0</subfield>
    <subfield code="8">NFIC</subfield>
    <subfield code="a">CAE</subfield>
    <subfield code="b">CAE</subfield>
    <subfield code="d">2017-04-03</subfield>
    <subfield code="l">0</subfield>
    <subfield code="o">004.165 MAC</subfield>
    <subfield code="p">CAE67662</subfield>
    <subfield code="r">2017-04-05</subfield>
    <subfield code="w">2017-04-05</subfield>
    <subfield code="y">BK</subfield>
  </datafield>
  <datafield tag="952" ind1=" " ind2=" ">
    <subfield code="0">0</subfield>
    <subfield code="1">0</subfield>
    <subfield code="4">0</subfield>
    <subfield code="7">0</subfield>
    <subfield code="8">NFIC</subfield>
    <subfield code="a">CAE</subfield>
    <subfield code="b">CAE</subfield>
    <subfield code="d">2017-04-03</subfield>
    <subfield code="l">0</subfield>
    <subfield code="o">004.165 MAC</subfield>
    <subfield code="p">CAE67661</subfield>
    <subfield code="r">2017-04-05</subfield>
    <subfield code="w">2017-04-05</subfield>
    <subfield code="y">BK</subfield>
  </datafield>
  <datafield tag="952" ind1=" " ind2=" ">
    <subfield code="0">0</subfield>
    <subfield code="1">0</subfield>
    <subfield code="4">0</subfield>
    <subfield code="7">0</subfield>
    <subfield code="8">NFIC</subfield>
    <subfield code="a">CAE</subfield>
    <subfield code="b">CAE</subfield>
    <subfield code="d">2017-04-03</subfield>
    <subfield code="l">0</subfield>
    <subfield code="o">004.165 MAC</subfield>
    <subfield code="p">CAE67660</subfield>
    <subfield code="r">2017-04-05</subfield>
    <subfield code="w">2017-04-05</subfield>
    <subfield code="y">BK</subfield>
  </datafield>
  <datafield tag="952" ind1=" " ind2=" ">
    <subfield code="0">0</subfield>
    <subfield code="1">0</subfield>
    <subfield code="4">0</subfield>
    <subfield code="7">0</subfield>
    <subfield code="8">NFIC</subfield>
    <subfield code="a">CAE</subfield>
    <subfield code="b">CAE</subfield>
    <subfield code="d">2017-04-03</subfield>
    <subfield code="l">0</subfield>
    <subfield code="o">004.165 MAC</subfield>
    <subfield code="p">CAE67659</subfield>
    <subfield code="r">2017-04-05</subfield>
    <subfield code="w">2017-04-05</subfield>
    <subfield code="y">BK</subfield>
  </datafield>
  <datafield tag="952" ind1=" " ind2=" ">
    <subfield code="0">0</subfield>
    <subfield code="1">0</subfield>
    <subfield code="4">0</subfield>
    <subfield code="7">0</subfield>
    <subfield code="8">NFIC</subfield>
    <subfield code="a">CAE</subfield>
    <subfield code="b">CAE</subfield>
    <subfield code="d">2017-04-03</subfield>
    <subfield code="l">0</subfield>
    <subfield code="o">004.165 MAC</subfield>
    <subfield code="p">CAE67658</subfield>
    <subfield code="r">2017-04-05</subfield>
    <subfield code="w">2017-04-05</subfield>
    <subfield code="y">BK</subfield>
  </datafield>
  <datafield tag="952" ind1=" " ind2=" ">
    <subfield code="0">0</subfield>
    <subfield code="1">0</subfield>
    <subfield code="4">0</subfield>
    <subfield code="7">0</subfield>
    <subfield code="8">NFIC</subfield>
    <subfield code="a">CAE</subfield>
    <subfield code="b">CAE</subfield>
    <subfield code="d">2017-04-03</subfield>
    <subfield code="l">0</subfield>
    <subfield code="o">004.165 MAC</subfield>
    <subfield code="p">CAE67657</subfield>
    <subfield code="r">2017-04-05</subfield>
    <subfield code="w">2017-04-05</subfield>
    <subfield code="y">BK</subfield>
  </datafield>
  <datafield tag="952" ind1=" " ind2=" ">
    <subfield code="0">0</subfield>
    <subfield code="1">0</subfield>
    <subfield code="4">0</subfield>
    <subfield code="7">0</subfield>
    <subfield code="8">NFIC</subfield>
    <subfield code="a">CAE</subfield>
    <subfield code="b">CAE</subfield>
    <subfield code="d">2017-04-03</subfield>
    <subfield code="l">0</subfield>
    <subfield code="o">004.165 MAC</subfield>
    <subfield code="p">CAE67656</subfield>
    <subfield code="r">2017-04-05</subfield>
    <subfield code="w">2017-04-05</subfield>
    <subfield code="y">BK</subfield>
  </datafield>
  <datafield tag="952" ind1=" " ind2=" ">
    <subfield code="0">0</subfield>
    <subfield code="1">0</subfield>
    <subfield code="4">0</subfield>
    <subfield code="7">0</subfield>
    <subfield code="8">NFIC</subfield>
    <subfield code="a">CAE</subfield>
    <subfield code="b">CAE</subfield>
    <subfield code="d">2017-04-03</subfield>
    <subfield code="l">0</subfield>
    <subfield code="o">004.165 MAC</subfield>
    <subfield code="p">CAE67655</subfield>
    <subfield code="r">2017-04-05</subfield>
    <subfield code="w">2017-04-05</subfield>
    <subfield code="y">BK</subfield>
  </datafield>
  <datafield tag="952" ind1=" " ind2=" ">
    <subfield code="0">0</subfield>
    <subfield code="1">0</subfield>
    <subfield code="4">0</subfield>
    <subfield code="7">0</subfield>
    <subfield code="8">NFIC</subfield>
    <subfield code="a">CAE</subfield>
    <subfield code="b">CAE</subfield>
    <subfield code="d">2017-04-03</subfield>
    <subfield code="l">0</subfield>
    <subfield code="o">004.165 MAC</subfield>
    <subfield code="p">CAE67654</subfield>
    <subfield code="r">2017-04-05</subfield>
    <subfield code="w">2017-04-05</subfield>
    <subfield code="y">BK</subfield>
  </datafield>
  <datafield tag="952" ind1=" " ind2=" ">
    <subfield code="0">0</subfield>
    <subfield code="1">0</subfield>
    <subfield code="4">0</subfield>
    <subfield code="7">0</subfield>
    <subfield code="8">NFIC</subfield>
    <subfield code="a">CAE</subfield>
    <subfield code="b">CAE</subfield>
    <subfield code="d">2017-04-03</subfield>
    <subfield code="l">0</subfield>
    <subfield code="o">004.165 MAC</subfield>
    <subfield code="p">CAE67653</subfield>
    <subfield code="r">2017-04-05</subfield>
    <subfield code="w">2017-04-05</subfield>
    <subfield code="y">BK</subfield>
  </datafield>
  <datafield tag="952" ind1=" " ind2=" ">
    <subfield code="0">0</subfield>
    <subfield code="1">0</subfield>
    <subfield code="4">0</subfield>
    <subfield code="7">0</subfield>
    <subfield code="8">NFIC</subfield>
    <subfield code="a">CAE</subfield>
    <subfield code="b">CAE</subfield>
    <subfield code="d">2017-04-03</subfield>
    <subfield code="l">0</subfield>
    <subfield code="o">004.165 MAC</subfield>
    <subfield code="p">CAE67652</subfield>
    <subfield code="r">2017-04-05</subfield>
    <subfield code="w">2017-04-05</subfield>
    <subfield code="y">BK</subfield>
  </datafield>
  <datafield tag="952" ind1=" " ind2=" ">
    <subfield code="0">0</subfield>
    <subfield code="1">0</subfield>
    <subfield code="4">0</subfield>
    <subfield code="7">0</subfield>
    <subfield code="8">NFIC</subfield>
    <subfield code="a">CAE</subfield>
    <subfield code="b">CAE</subfield>
    <subfield code="d">2017-04-03</subfield>
    <subfield code="l">0</subfield>
    <subfield code="o">004.165 MAC</subfield>
    <subfield code="p">CAE67651</subfield>
    <subfield code="r">2017-04-05</subfield>
    <subfield code="w">2017-04-05</subfield>
    <subfield code="y">BK</subfield>
  </datafield>
  <datafield tag="952" ind1=" " ind2=" ">
    <subfield code="0">0</subfield>
    <subfield code="1">0</subfield>
    <subfield code="4">0</subfield>
    <subfield code="7">0</subfield>
    <subfield code="8">NFIC</subfield>
    <subfield code="a">CAE</subfield>
    <subfield code="b">CAE</subfield>
    <subfield code="d">2017-04-03</subfield>
    <subfield code="l">0</subfield>
    <subfield code="o">004.165 MAC</subfield>
    <subfield code="p">CAE67649</subfield>
    <subfield code="r">2017-04-05</subfield>
    <subfield code="w">2017-04-05</subfield>
    <subfield code="y">BK</subfield>
  </datafield>
  <datafield tag="952" ind1=" " ind2=" ">
    <subfield code="0">0</subfield>
    <subfield code="1">0</subfield>
    <subfield code="4">0</subfield>
    <subfield code="7">0</subfield>
    <subfield code="8">NFIC</subfield>
    <subfield code="a">CAE</subfield>
    <subfield code="b">CAE</subfield>
    <subfield code="d">2017-04-03</subfield>
    <subfield code="l">0</subfield>
    <subfield code="o">004.165 MAC</subfield>
    <subfield code="p">CAE67648</subfield>
    <subfield code="r">2017-04-05</subfield>
    <subfield code="w">2017-04-05</subfield>
    <subfield code="y">BK</subfield>
  </datafield>
  <datafield tag="952" ind1=" " ind2=" ">
    <subfield code="0">0</subfield>
    <subfield code="1">0</subfield>
    <subfield code="4">0</subfield>
    <subfield code="7">0</subfield>
    <subfield code="8">NFIC</subfield>
    <subfield code="a">CAE</subfield>
    <subfield code="b">CAE</subfield>
    <subfield code="d">2017-04-03</subfield>
    <subfield code="l">0</subfield>
    <subfield code="o">004.165 MAC</subfield>
    <subfield code="p">CAE67647</subfield>
    <subfield code="r">2017-04-05</subfield>
    <subfield code="w">2017-04-05</subfield>
    <subfield code="y">BK</subfield>
  </datafield>
  <datafield tag="952" ind1=" " ind2=" ">
    <subfield code="0">0</subfield>
    <subfield code="1">0</subfield>
    <subfield code="4">0</subfield>
    <subfield code="7">0</subfield>
    <subfield code="8">NFIC</subfield>
    <subfield code="a">CAE</subfield>
    <subfield code="b">CAE</subfield>
    <subfield code="d">2017-04-03</subfield>
    <subfield code="l">0</subfield>
    <subfield code="o">004.165 MAC</subfield>
    <subfield code="p">CAE67646</subfield>
    <subfield code="r">2017-04-05</subfield>
    <subfield code="w">2017-04-05</subfield>
    <subfield code="y">BK</subfield>
  </datafield>
</record>
